000 00862nam a22002175i 4500
001 154636
003 ES-MaACL
005 20250809035226.0
008 041014s1876 sp |||| | spa d
080 _a343(460)"1870"(094.4)
100 1 _aGonzález y Serrano, José.
_9127454
245 1 0 _aApéndice a los comentarios del Código penal de Don Joaquín Francisco Pacheco, o sea El nuevo Código :
_bcomentadas las adiciones que contiene /
_cpor José González y Serrano.
250 _a2ª ed.
260 _aMadrid :
_b[s.n.],
_c1876 (
_fImp. y Fundición de Manuel Tello)
300 _a416 p. ;
_c22 cm.
610 1 4 _aEspaña.
_tCódigo penal, 1870.
_9152867
650 4 _aDerecho penal-
_zEspaña
_911752
700 1 _aPacheco, Joaquín Francisco,
_d1808-1865
_988121
852 4 _aES-MaACL
_jG-14831
_z- Enc. hol.
999 _c154636
_d154636